000 00437cam a2200181ua 4500
020 _c2.50
041 _ahin
_h
082 _a891.54
_bVIN/EK
100 _aVinodh Chandra, Pandey .
245 _aEk bhini gandh /
_cVinodh Chandra Pandey.
_hTextual Documents
250 _a1 /
_b.
260 _aDelhi :
_bRajkamal Prakash ,
_c1962.
300 _a124 ; .
365 _a2.50
504 _a
942 _cBK
999 _c8066
_d8066